UM Logo

Fundamentals of accounting, volume 1/ (Record no. 1733)

MARC details
000 -LEADER
fixed length control field 00626nam a22001817a 4500
008 - FIXED-LENGTH DATA ELEMENTS--GENERAL INFORMATION
fixed length control field 160413b xxu||||| |||| 00| 0 eng d
082 ## - DEWEY DECIMAL CLASSIFICATION NUMBER
Edition number 2015
Classification number DFil 657
Item number Ag14
100 ## - MAIN ENTRY--PERSONAL NAME
9 (RLIN) 5495
Personal name Agamata, F.T.
245 ## - TITLE STATEMENT
Title Fundamentals of accounting, volume 1/
Statement of responsibility, etc. Franklin T. Agamata, Alfred Lindon F. Berbano, Tommy B. Buado.
250 ## - EDITION STATEMENT
Edition statement 2015 Edition
260 ## - PUBLICATION, DISTRIBUTION, ETC. (IMPRINT)
Place of publication, distribution, etc. Davao City:
Name of publisher, distributor, etc. Certs Publications,
Date of publication, distribution, etc. c2015.
300 ## - PHYSICAL DESCRIPTION
Extent 743 pages:
Other physical details illustrations;
Dimensions 23 cm.
500 ## - GENERAL NOTE
General note Includes appendices and index.
650 #0 - SUBJECT ADDED ENTRY--TOPICAL TERM
9 (RLIN) 5496
Topical term or geographic name as entry element Accounting
700 ## - ADDED ENTRY--PERSONAL NAME
9 (RLIN) 5497
Personal name Berbano, Alfred Lindon F.
700 ## - ADDED ENTRY--PERSONAL NAME
9 (RLIN) 5498
Personal name Buado, Tommy B.
942 ## - ADDED ENTRY ELEMENTS (KOHA)
Source of classification or shelving scheme Dewey Decimal Classification
Koha item type Filipiniana
Holdings
Withdrawn status Lost status Source of classification or shelving scheme Damaged status Not for loan Collection code Home library Current library Shelving location Date acquired Source of acquisition Total Checkouts Full call number Barcode Date last seen Date last checked out Copy number Price effective from Koha item type
    Dewey Decimal Classification     Filipiniana UM Digos College - LIC UM Digos College - LIC Book Cart 04/13/2016 Donated 3 DFil 657 Ag14 2015 23949 05/15/2025 10/02/2024 1 04/13/2016 Filipiniana